000 01904cam a2200289 4500
001 ABS67852
008 040524n2004 000 0 eng u
035 _a(Sirsi) u126263
100 _aHarris, J.
245 _aChanges in UK gaming legislation and the opportunities presented for property developers and investors
260 _c2004
490 _aJournal of Retail and Leisure Property
_v3(4) 2004, 314-325(12)
520 _aExamines the reasons why the casino sector has been left so far behind in the retail and leisure explosion of the last 30 years. Looks at why that is beginning to change and the prospects for future growth, investment and development. Assesses the legacy of the Gaming Act 1968 and outlines the overwhelming case for reform resulting in a government policy statement of March 2002 and the publication of a draft Gambling Bill by the DCMS in July 2003. Describes the proposed reforms and their likely effect on the gambling landscape. Concludes that the gambling reforms will become law in 2004 or early 2005, paving the way to re-establishing the UK as a leading gambling jurisdiction with the attendant tax revenue increase, thegeneration of 70 000 more jobs and estimates of up to £9bn investment in the UK. Further information about the Bill is available at www.culture.gov.uk/. [Taken from journal abstract].
590 _aABS
590 _aABS
650 _aLICENSING
650 _aGAMING
650 _aGAMING ACT 1968
650 _aPROPERTY INVESTMENT
650 _aPROPERTY DEVELOPMENT
650 _aCASINOS
650 _aGAMBLING BILL
690 _aLEISURE AND RECREATION
856 _uhttps://www.culture.gov.uk/gambling_and_racing/gambling_bill.htm
_zView details of the Bill on the DCMS website...
856 _uhttps://www.culture.gov.uk/gambling_and_racing/gambling_bill.htm
_zView details of the Bill on the DCMS website...
942 _n0
999 _c117386
_d117386